Paroles - Promesses - Bigflo & Oli - Statistiques

Statistiques générales
  • Ce quiz a été pris 141 fois
  • Le résultat moyen est 270 sur 359
Statistiques - réponses
Paroles % Correct
le
99%
les
99%
Les
99%
de
98%
De
98%
promesses
98%
Promesses
98%
a
96%
à
96%
la
96%
La
96%
tout
96%
Tout
96%
en
95%
un
95%
enfants
94%
mer
94%
Pour
94%
pour
94%
je
93%
Je
93%
On
93%
on
93%
deux
91%
sur
91%
toujours
91%
une
91%
aura
90%
temps
90%
villa
90%
des
89%
Et
89%
que
89%
pas
86%
se
86%
nous
85%
dit
84%
est
84%
nos
84%
qui
83%
ça
81%
jamais
81%
dans
80%
Dans
80%
ne
80%
qu'on
80%
c'est
78%
n'a
78%
Tu
78%
va
78%
était
77%
du
75%
il
75%
j'ai
75%
prénom
75%
coeur
74%
mon
74%
qu'un
74%
l'amour
73%
L'amour
73%
plage
73%
si
73%
vie
73%
voyait
73%
café
72%
Elle
72%
elle
72%
passée
72%
promis
72%
vague
72%
n'y
70%
puis
70%
amour
69%
connais
69%
j'en
69%
notre
69%
tes
69%
aussi
68%
mais
68%
mes
68%
pareil
68%
bois
67%
dessiné
67%
effacé
67%
faux
67%
jeté
67%
yeux
67%
faire
65%
naîtront
65%
s'était
65%
belle
64%
disait
64%
m'as
64%
monde
64%
savait
64%
vrai
64%
alors
63%
c'était
63%
d'été
63%
inverse
63%
n'était
63%
sage
63%
serait
63%
tour
63%
éphémère
62%
l'sens
62%
pierre
62%
coeurs
60%
dur
60%
chacun
59%
fini
59%
l'impossible
59%
Maintenant
59%
veille
59%
étincelles
58%
ferait
58%
j'prends
58%
celles
57%
qu'c'était
57%
avant
56%
commencé
56%
d'aujourd'hui
56%
films
56%
l'averse
56%
défauts
54%
naissaient
54%
vienne
54%
même
53%
moi
53%
pleine
53%
terrasse
53%
vagabondes
53%
effacent
52%
Est-ce
52%
l'admets
52%
quand
52%
Quand
52%
secrets
52%
t'y
52%
Dis-le-moi
51%
idylle
51%
pensées
51%
Regarde-moi
51%
rendez-vous
51%
partagé
48%
Promets-moi
48%
tairai
48%
Conserve
46%
disais
46%
étaient
46%
fait
46%
aux
44%
grande
44%
premiers
44%
ton
44%
Brésil
43%
T'aime
43%
confiances
42%
fiancées
42%
jeunesse
42%
sens
42%
croire
41%
éternité
41%
transforme
41%
cils
40%
presque
40%
s'est
40%
tellement
40%
ensemble
38%
essentiel
38%
j'étais
37%
l'inutile
37%
J'te
36%
l'éternité
36%
l'idée
36%
matelas
36%
parfum
36%
Rien
36%
terminé
36%
faisait
35%
r'penses
35%
taire
35%
vieillir
35%
démons
33%
n'avait
33%
facile
32%
changeais
31%
Ange
30%
ciel
28%
tombé
27%
sont
26%
désenchante
23%
m'faire
21%
mensonges
20%
Aucun quiz correspondant
Distribution des résultats
% des personnes avec chaque résultat
Percentile par nombre de réponses
Votre historique - résultats
Vous n’avez pas pris ce quiz